| 000 | 00651 a2200229 4500 | ||
|---|---|---|---|
| 003 | dpl | ||
| 005 | 20180803124024.0 | ||
| 008 | 080826t xxu||||| |||| 00| 0 eng d | ||
| 010 | _aENG-87212 | ||
| 020 |
_a8180545563 _c225.00 |
||
| 035 | _aEN-70745, B-109000 | ||
| 037 | _bDBAD / PUB | ||
| 040 | _c0 | ||
| 082 | _a346.54066 | ||
| 100 | _aKapoor, N.D. | ||
| 245 |
_aElements of company law _cby N.D. Kapoor |
||
| 250 | _a28th edn. | ||
| 260 |
_aNew Delhi _bSultan Chand _c2007 |
||
| 270 |
_a23, Daryaganj _bNew Delhi _e110 002. |
||
| 300 |
_axiv, 570 p. _c24 cm (pbk) |
||
| 942 |
_adpl _cEN _k346.54066/ KAP _2ddc _h346.54066 _mKAP |
||
| 999 |
_c6278 _d6278 |
||